书目信息 |
| 题名: |
计算语用学引论
|
|
| 作者: | 刘根辉 著 | |
| 分册: | ||
| 出版信息: | 武汉 华中科技大学出版社 2017 |
|
| 页数: | 150页 | |
| 开本: | 24cm | |
| 丛书名: | ||
| 单 册: | ||
| 中图分类: | H087 | |
| 科图分类: | ||
| 主题词: | 计算语言学--ji suan yu yan xue--研究 | |
| 电子资源: | ||
| ISBN: | 978-7-5680-2060-2 | |
| 000 | 01042nam0 22002531 450 | |
| 001 | 1761007932 | |
| 005 | 20170619171950.0 | |
| 010 | @a978-7-5680-2060-2@dCNY38.00 | |
| 100 | @a20170221d2017 em y0chiy50 ea | |
| 101 | 0 | @achi |
| 102 | @aCN@b420000 | |
| 105 | @ay z 000yy | |
| 106 | @ar | |
| 200 | 1 | @a计算语用学引论@9ji suan yu yong xue yin lun@dIntroduction to computational pragmatics@f刘根辉著@zeng |
| 210 | @a武汉@c华中科技大学出版社@d2017 | |
| 215 | @a150页@d24cm | |
| 300 | @a汉语言文学研究文库 “华中科技大学文科学术著作出版基金”资助项目 | |
| 330 | @a本书是有关计算语用学研究的入门级读本。作者在书中系统阐述了计算语言学、语用学、形式语用学、计算语用学等基本概念,侧重探讨了语用学与计算语用学关注的重点——言语行为与语境的形式化方法,以及基于语境的自然语言理解模型问题。 | |
| 510 | 1 | @aIntroduction to computational pragmatics@zeng |
| 606 | 0 | @a计算语言学@9ji suan yu yan xue@x研究 |
| 690 | @aH087@v5 | |
| 701 | 0 | @a刘根辉@9liu gen hui@f(1969~)@4著 |
| 801 | 0 | @aCN@b百万庄@c20170619 |
| 905 | @b1013877-9@dH087@e217@f3 | |
| 计算语用学引论=Introduction to computational pragmatics/刘根辉著.-武汉:华中科技大学出版社,2017 |
| 150页;24cm |
| 汉语言文学研究文库 “华中科技大学文科学术著作出版基金”资助项目 |
| ISBN 978-7-5680-2060-2:CNY38.00 |
| 本书是有关计算语用学研究的入门级读本。作者在书中系统阐述了计算语言学、语用学、形式语用学、计算语用学等基本概念,侧重探讨了语用学与计算语用学关注的重点——言语行为与语境的形式化方法,以及基于语境的自然语言理解模型问题。 |
| ● |
| 相关链接 |
|
|
|
|
正题名:计算语用学引论
索取号:H087/217
 
预约/预借
| 序号 | 登录号 | 条形码 | 馆藏地/架位号 | 状态 | 备注 |
| 1 | 1013877 | 210138778 | 第二样本阅览室/ [索取号:H087/217] | 在馆 | |
| 2 | 1013878 | 210138787 | 教育系资料室/ [索取号:H087/217] | 在馆 | |
| 3 | 1013879 | 210138796 | 第四借阅区/ [索取号:H087/217] | 在馆 |